000 00716nam a22002177a 4500
003 UA-OsUOA
001 73547
007 ta
008 20110309b un ||||| |||| 00| 0 ukr d
100 _aЛановий І.
090 _a94(477)
_bЛ22
942 _cSA
040 _aUA-OsUOA
_bukr
_cUA-OsUOA
_dUA-OsUOA
245 _aТаємниці ставки Гітлера. Чому "машину часу" для повернення в німецький рай" нацистський фюрер розмістив в Україні?
300 _aС.12
955 _a0
041 _aukr
080 _a94(477)
773 0 _w73546
650 7 _a9 Географія. Біографії. Історія
_2UDC
999 _c359830
_d359830